IFM Opac

Essays on economic policy (Record no. 14350)

MARC details
000 -LEADER
fixed length control field 00356nam a22001457a 4500
020 ## - INTERNATIONAL STANDARD BOOK NUMBER
International Standard Book Number 023104366x
082 ## - DEWEY DECIMAL CLASSIFICATION NUMBER
Classification number 330FLE
100 ## - MAIN ENTRY--PERSONAL NAME
Personal name Fleming, Marcus
245 ## - TITLE STATEMENT
Title Essays on economic policy
260 ## - PUBLICATION, DISTRIBUTION, ETC.
Place of publication, distribution, etc. New York
Name of publisher, distributor, etc. Columbia press
Date of publication, distribution, etc. 1978
300 ## - PHYSICAL DESCRIPTION
Extent xxvi,381p
Other physical details ill,:25cm
650 ## - SUBJECT ADDED ENTRY--TOPICAL TERM
Topical term or geographic name entry element Essays on economic policy
700 ## - ADDED ENTRY--PERSONAL NAME
Personal name Fleming, Marcus
942 ## - ADDED ENTRY ELEMENTS (KOHA)
Koha item type Books
Holdings
Withdrawn status Lost status Damaged status Not for loan Home library Current library Shelving location Date acquired Total Checkouts Full call number Barcode Date last seen Price effective from Koha item type
Withdrawn       IFM Main Campus Library IFM Main Campus Library Archival Collection 12/17/2015   330FLE 0000009061 12/17/2015 02/19/2022 Books